| 000 | 00639 a2200241 4500 | ||
|---|---|---|---|
| 001 | 200129803 | ||
| 999 |
_c200129803 _d31246 |
||
| 003 | TR-AnTOB | ||
| 005 | 20190408220612.0 | ||
| 008 | 130612s 2 tu 000 0 | ||
| 020 | _a9786050104738 | ||
| 040 | _aTR-AnTOB | ||
| 041 | _atur | ||
| 050 |
_aNK2611 _bS84 2013 |
||
| 090 | _aNK2611.S84 2013 | ||
| 100 | 0 |
_aŞumnu, Umut _990752 |
|
| 245 | 1 | 0 |
_aErken Cumhuriyet Döneminde Mobilya / _cUmut Şumnu. |
| 264 | 1 |
_aİstanbul : _bAda ofset, _c2013. |
|
| 300 |
_a141p.; _bill, _c23 cm _1c |
||
| 650 | 0 |
_aThrones _zTurkey _xHistory _944018 |
|
| 650 | 0 |
_aMobilya _zTürkiye _xTarih _990753 |
|
| 999 | _tT.o 12.06.2013 | ||
| 942 | _cBK | ||